| 000 | 00897nam a22002417a 4500 | ||
|---|---|---|---|
| 005 | 20240530110553.0 | ||
| 008 | 160221s2013 ua ao g b 001 0dara d | ||
| 017 |
_a2012/22903 _bمصر . دار الكتب المصرية |
||
| 020 | _a9772329007 | ||
| 040 | _aEG-CaGPL | ||
| 082 | 0 | 4 |
_221 _a523\ _bى ع |
| 100 | 0 | _aيحيى وزيرى . | |
| 245 | 1 | 2 |
_aالعمارة و الفلك : _bتاثير الظواهر الفلكية على مبانى الحضارات القديمة / _cيحيى وزيرى . |
| 250 | _aط1. | ||
| 260 |
_aالقاهرة : _bعالم الكتب ، _c2013 . |
||
| 300 |
_a254 ص : _bصور لو ؛ _c24 سم . |
||
| 504 | _aببليوجرافية : ص 226 - 235 | ||
| 650 | 0 | 4 |
_aالفلك _xتاريخ . |
| 650 | 0 | 4 | _aالفلك القديم . |
| 650 | 0 | 4 | _aالعمارة القديمة . |
| 942 |
_2ddc _cBK |
||
| 999 |
_c62500 _d62500 |
||